LEADER 01166nam--2200385---450- 001 990000989710203316 005 20050518162837.0 010 $a0-335-15264-3 035 $a0098971 035 $aUSA010098971 035 $a(ALEPH)000098971USA01 035 $a0098971 100 $a20020225d1988----km-y0itay0103----ba 101 $aeng 105 $a||||||||001yy 200 1 $aTristam Shandy$fRuth Whittaker 210 $aMilton Keynes$cOpen university press$dc1988 215 $aIX, 100 p.$cill.$d23 cm 225 2 $aOpen guides to literature 410 $12001$aOpen guides to literature 606 0 $aSterne, Lawrence$xLife and opinions of Tristam Shandy 676 $a823.6 700 1$aWHITTAKER,$bRuth$0166399 801 0$aIT$bsalbc$gISBD 912 $a990000989710203316 951 $aVII.3.B. 146 (IL i I 251)$b70768 EC$cIL i I 959 $aBK 969 $aUMA 979 $aPATTY$b90$c20020225$lUSA01$h1647 979 $aPATTY$b90$c20020225$lUSA01$h1647 979 $c20020403$lUSA01$h1740 979 $aPATRY$b90$c20040406$lUSA01$h1708 979 $aCOPAT4$b90$c20050518$lUSA01$h1628 996 $aTristam Shandy$9975611 997 $aUNISA LEADER 01232nam2-2200409---450- 001 990006165250203316 005 20161103093109.0 010 $a9978-84-006-0$b(vol. 4) 035 $a000616525 035 $aUSA01000616525 035 $a(ALEPH)000616525USA01 035 $a000616525 100 $a20011205d1989----km-y0itay0103----ba 101 $aspa 102 $aIT 105 $a||||||||001yy 200 1 $a<<4.:>> Época colonial II$esegunda y tercera etapa colonial$fEnrique Ayala Mora, editor$gcoordinador del volumen Vicente Pólit 205 $a1. ed. 210 $aQuito$cCorporación Editora Nacional$d1989 215 $a309 p., [8] c. di tav.$cill.$d20 cm 410 $12001 461 1$1001000616522$12001 606 0 $aEcuador$xStoria 676 $a984 702 $aAYALA MORA,$bEnrique 702 $aPÓLIT,$bVicente 801 0$aIT$bsalbc$gISBD 912 $a990006165250203316 951 $aVI.7.C. 4 2$bISLA 959 $aBK 969 $aUMA 979 $aMARANO$b90$c20160809$lUSA01$h1128 979 $aMARANO$b90$c20160809$lUSA01$h1131 979 $aMARANO$b90$c20160809$lUSA01$h1154 979 $aMARANO$b90$c20161103$lUSA01$h0931 996 $aÉpoca colonial II$91393346 997 $aUNISA